000 00451cam a2200169ua 4500
003 OSt
008 241223b |||||||| |||| 00| 0 eng d
020 _a0-41-22253-01
041 _aeng
082 _a621.312 134
_bLEL/HY
100 _aLeliavsky, Serge .
_96525
245 _aHydro-electric engineering for civil engineers /
250 _a1 /
260 _aNew Delhi :
_bOxford & IBH Publishing company ,
_c1982.
300 _a135 ; .
942 _cBK
999 _c9582
_d9582